Obras completas de Dante Alighieri / (Record no. 170855)

MARC details
000 -LEADER
campo de control de longitud fija 00969nam a2200241 i 4500
001 - NÚMERO DE CONTROL
campo de control 170855
003 - IDENTIFICADOR DE NÚMERO DE CONTROL
campo de control ES-MaACL
005 - FECHA Y HORA DE LA ÚLTIMA TRANSACCIÓN
campo de control 20250808062749.0
008 - DATOS DE LONGITUD FIJA--INFORMACIÓN GENERAL
campo de control de longitud fija 090413s1956 sp |||| | spa d
100 0# - ENTRADA PRINCIPAL--NOMBRE DE PERSONA
Nombre de persona Dante Alighieri,
Fechas asociadas al nombre 1265-1321
9 (RLIN) 42657
245 10 - MENCIÓN DEL TÍTULO
Título Obras completas de Dante Alighieri /
Mención de responsabilidad, etc. versión castellana de Nicolás González Ruiz sobre la interpretación literal de Giovanni M. Bertini ; colaboración de José Luis Gutiérrez García.
260 ## - PUBLICACIÓN, DISTRIBUCIÓN, ETC.
Lugar de publicación, distribución, etc. Madrid :
Nombre del editor, distribuidor, etc. La Editorial Católica,
Fecha de publicación, distribución, etc. 1956.
300 ## - DESCRIPCIÓN FÍSICA
Extensión 1146 p. ;
Dimensiones 20 cm.
490 1# - MENCIÓN DE SERIE
Mención de serie Biblioteca de autores cristianos ;
Designación de volumen o secuencia 157
500 ## - NOTA GENERAL
Nota general Índices.
546 ## - NOTA DE IDIOMA
Nota de lengua/lenguaje Texto italiano y traducción española.
700 1# - ENTRADA AGREGADA--NOMBRE PERSONAL
Nombre de persona González Ruiz, Nicolás,
Fechas asociadas al nombre 1897-1967
9 (RLIN) 58946
700 1# - ENTRADA AGREGADA--NOMBRE PERSONAL
Nombre de persona Gutiérrez García, José Luis.
9 (RLIN) 61152
700 0# - ENTRADA AGREGADA--NOMBRE PERSONAL
Nombre de persona Bertini, Giovanni María,
Fechas asociadas al nombre 1900-1995
9 (RLIN) 28473
830 00 - PUNTO DE ACCESO ADICIONAL DE SERIE-TÍTULO UNIFORME
Título uniforme Biblioteca de autores cristianos
Designación de volumen o secuencia 157
9 (RLIN) 178679
852 ## - LOCALIZACIÓN
Ubicación ES-MaACL
Número de control de estantería J-155
Holdings
Estatus retirado Estado de pérdida Estado de daño No para préstamo Biblioteca de origen Biblioteca actual Ubicación en estantería Fecha de adquisición Fuente de adquisición Total de préstamos Signatura topográfica completa Código de barras Visto por última vez Precio de reemplazo Tipo de ítem Koha
        Biblioteca del Ateneo de Madrid Biblioteca del Ateneo de Madrid Depósito 2 13/04/2009     J-155 1179311 23/02/2023 23/02/2023 Libro impreso